Statistics for Main Religions

Click here to take the quiz!

General Stats

  • This quiz has been taken 499 times
  • The average score is 7 of 12

Answer Stats

HintAnswer% Correct
Christianity
94%
Islam
94%
Hinduism
86%
Judaism
79%
Shinto
57%
Sikhism
48%
Taoism
47%
Jainism
34%
Buddism
33%
Baha'i
30%
Confucianism
28%
Zoroastrianism
24%

Score Distribution

Percentile by Number Answered

Percent of People with Each Score

Your Score History

You have not taken this quiz